00318nam a2200121Ia 4500008004100000082001500041100002100056245003800077260003800115300001000153650001400163700001900177191201s2018 xx 000 0 und d a615.32 YAT aYadav, Adhikraov 0aText Book of Phytopharmaceuticals bNirali PrakashanaNew Delhic2018 aMisc. aPathology aJadhav & Kadam